000 01967nam0a2200373 i 4500
001 RU\NLR\BIBL_A\011699186
005 20260407061206.0
010 _a9785990753754
_91000
035 _a(NLR Aleph) 011699186
090 _a11379662
_c11379662
100 _a20180514d2017 u y0rusy50 ca
101 0 _arus
_ager
102 _aRU
105 _ay z 000 y
200 1 _a"Схожу с высот небесных я..."
_dVon Himmel hoch, da komm'ich her...
_e[художественный альбом]
_eк 500-летию Реформации
_fМеждународный союз немецкой культуры
_g[вступительное слово: Дитрих Брауэр и др.
_gавтор текстов: Ольга Лиценбергер]
_zger
210 _aМосква
_cРусДойч Медиа
_d2017
215 _a119 с.
_cил., цв. ил., портр.
_d30
300 _aТекст парал. рус., нем.
510 1 _aVom Himmel hoch, da komm' ich her...
_zger
606 1 _aЖивопись русская
_jАльбомы
_xТематика
_z20 - 21 вв.
_92368363
_3RU\NLR\AUTH\6601635704
606 1 _aЖивопись русская советская
_jАльбомы
_xТематика
_91069559
_3RU\NLR\AUTH\66416304
606 _aЦерковная архитектура
_jАльбомы
_yРоссия
_9944409
_3RU\NLR\AUTH\6631343
606 _aЦеркви и соборы лютеранские
_jАльбомы
_yРоссия
_92369171
_3RU\NLR\AUTH\6601636068
686 1 _aЩ143(2Р=Рус)7-3я61
686 1 _aЩ113(2Р=Рус)-47я61
686 2 _aЭ376.11-39(2)-655я61
712 0 2 _4570
_aМеждународный союз немецкой культуры
_9554851
_3RU\NLR\AUTH\8810028168
942 _cBOOK
980 _aNBR